[Event "I Festival Golfo di Policastro A"]
[Site "San Nicola Arcella ITA"]
[Date "2007.09.22"]
[Round "8"]
[White "Buhmann, Rainer"]
[Black "Bellia, Fabrizio"]
[Result "1-0"]
[WhiteElo "2583"]
[BlackElo "2405"]
[PlyCount "151"]
[EventDate "2007.09.16"]

1. Nf3 Nf6 2. c4 e6 3. Nc3 d5 4. d4 c6 5. e3 Bd6 6. Bd3 Nbd7 7. O-O O-O 8. e4
dxe4 9. Nxe4 Nxe4 10. Bxe4 Nf6 11. Bc2 c5 12. Bg5 h6 13. Bh4 cxd4 14. Qd3 Re8
15. Rfe1 e5 16. c5 Bc7 17. Bxf6 Qxf6 18. Qh7+ Kf8 19. Nxd4 Bd7 20. Bf5 Bc6 21.
Be4 Bxe4 22. Rxe4 Qg6 23. Qxg6 fxg6 24. Nb5 Bd8 25. Kf1 b6 26. c6 a6 27. Ra4
Re7 28. Rc1 Bc7 29. Nc3 Rf7 30. b4 g5 31. b5 a5 32. Rd1 Re8 33. Re4 Kg8 34. Ke2
Kh7 35. f3 h5 36. h3 Kg6 37. Nd5 Bd8 38. Ne3 Bc7 39. Nc4 Re6 40. Rd5 Kf6 41.
Re3 Ree7 42. Nd2 Ke6 43. Red3 g4 44. Ne4 gxf3+ 45. gxf3 Kf5 46. Ke3 g5 47. Rd1
Rg7 48. Ng3+ Ke6 49. Nxh5 Rh7 50. Ng3 Rxh3 51. Ne4 Kf5 52. Rd6 Rf7 53. Rg1 Bxd6
54. Nxd6+ Ke6 55. Nxf7 Kxf7 56. Rxg5 Rh2 57. Kd3 Ke6 58. Rg8 Kd6 59. Rd8+ Kc7
60. Rd7+ Kc8 61. Rb7 Rxa2 62. Rxb6 Rb2 63. Kc4 Rc2+ 64. Kd3 Rb2 65. Kc4 Rc2+
66. Kd5 Rd2+ 67. Kxe5 Rb2 68. Ra6 Rxb5+ 69. Kd6 Kb8 70. c7+ Kb7 71. Ra7+ Kxa7
72. c8=Q Rh5 73. f4 Rh6+ 74. Kc5 Rh2 75. Qc7+ Ka8 76. Qxa5+ 1-0

[Event "I Festival Golfo di Policastro A"]
[Site "San Nicola Arcella ITA"]
[Date "2007.09.22"]
[Round "8"]
[White "Caporale, Giuseppe Guido"]
[Black "Gad, Ahmad"]
[Result "0-1"]
[WhiteElo "1850"]
[BlackElo "1796"]
[PlyCount "78"]
[EventDate "2007.09.16"]

1. e4 c5 2. Nf3 e6 3. d4 cxd4 4. Nxd4 Nf6 5. Nc3 d6 6. Be2 Be7 7. Be3 O-O 8.
O-O Nc6 9. f4 a6 10. Bf3 Qc7 11. Nxc6 bxc6 12. a3 Rd8 13. Na4 Rb8 14. b4 c5 15.
c3 a5 16. Rb1 Bd7 17. Qc2 cxb4 18. axb4 axb4 19. Ra1 Bxa4 20. Qxa4 Qxc3 21. Qa7
Ra8 22. Qxe7 Qxe3+ 23. Kh1 Qd4 24. Rxa8 Rxa8 25. e5 Nd5 26. Bxd5 Qxd5 27. exd6
h6 28. d7 b3 29. Qe8+ Kh7 30. Qxf7 Ra2 31. Rg1 Rd2 32. d8=Q Qxd8 33. Qxe6 Qd5
34. Qg4 h5 35. Qg3 b2 36. h4 Rd1 37. Re1 b1=Q 38. Kh2 Rxe1 39. Qg6+ Kxg6 0-1

[Event "I Festival Golfo di Policastro A"]
[Site "San Nicola Arcella ITA"]
[Date "2007.09.22"]
[Round "8"]
[White "Colucci, Stefano"]
[Black "Lombardi, Mariano"]
[Result "0-1"]
[WhiteElo "1944"]
[BlackElo "1877"]
[PlyCount "71"]
[EventDate "2007.09.16"]

1. d4 d5 2. Nf3 Nf6 3. c4 c6 4. Nc3 e6 5. e3 Nbd7 6. Qc2 Bd6 7. Be2 O-O 8. O-O
Qe7 9. cxd5 exd5 10. a3 Re8 11. b4 Nf8 12. b5 Bg4 13. bxc6 bxc6 14. Bb2 Rab8
15. Ra2 Qc7 16. h3 Bh5 17. Rc1 Ne6 18. a4 Bxf3 19. Bxf3 Qe7 20. Nb1 Rec8 21.
Qd3 Ng5 22. Be2 Nfe4 23. Bg4 Rc7 24. Ba3 Rcb7 25. Bxd6 Qxd6 26. Nd2 Rb2 27. Rc2
R2b4 28. Bf5 Rb1+ 29. Nf1 R8b3 30. Qa6 g6 31. Rxc6 Rxf1+ 32. Kxf1 Rb1+ 33. Ke2
Qb4 34. Bxe4 Re1+ 35. Kd3 Rd1+ 36. Kc2 0-1

[Event "I Festival Golfo di Policastro A"]
[Site "San Nicola Arcella ITA"]
[Date "2007.09.22"]
[Round "8"]
[White "Cruz Alvarez De Ron, Dan"]
[Black "Blasco, Domenico"]
[Result "1/2-1/2"]
[WhiteElo "2204"]
[BlackElo "1981"]
[PlyCount "96"]
[EventDate "2007.09.16"]

1. e4 g6 2. d4 Bg7 3. Nc3 d6 4. Be3 a6 5. Qd2 b5 6. f3 Nd7 7. a4 b4 8. Nd1 a5
9. Nh3 e5 10. c3 bxc3 11. Nxc3 exd4 12. Bxd4 Bxd4 13. Qxd4 Ngf6 14. Bb5 O-O 15.
O-O Nc5 16. e5 Nh5 17. g4 Nb3 18. Qe4 d5 19. Qxd5 Qxd5 20. Nxd5 Nxa1 21. Rxa1
Ng7 22. Rc1 Ne6 23. Nxc7 Nxc7 24. Rxc7 h5 25. Nf2 hxg4 26. fxg4 Be6 27. Ne4
Rfc8 28. Rc3 Rxc3 29. bxc3 Kf8 30. Kf2 Rc8 31. Ke3 Bxg4 32. Kd4 Ke7 33. Nd6 Rh8
34. Nb7 Rxh2 35. Nxa5 Bd7 36. c4 Ra2 37. Nb7 g5 38. c5 Rxa4+ 39. Bxa4 Bxa4 40.
Nd6 Ke6 41. Nc4 g4 42. Ke4 Bc6+ 43. Kf4 Kd5 44. Nd6 g3 45. Kxg3 Kxe5 46. Nxf7+
Kd5 47. Nd8 Kxc5 48. Nxc6 Kxc6 1/2-1/2

[Event "I Festival Golfo di Policastro A"]
[Site "San Nicola Arcella ITA"]
[Date "2007.09.22"]
[Round "8"]
[White "Marincolo, Piercarlo"]
[Black "Barlotti, Gabriele"]
[Result "1-0"]
[WhiteElo "1760"]
[BlackElo "1660"]
[PlyCount "43"]
[EventDate "2007.09.16"]

1. d4 d5 2. Bg5 c6 3. Nf3 Nd7 4. e3 Ngf6 5. c3 h6 6. Bh4 e6 7. Nbd2 Bd6 8. Bd3
O-O 9. e4 dxe4 10. Nxe4 Be7 11. Bxf6 Nxf6 12. O-O Nxe4 13. Bxe4 Bf6 14. Qe2 Re8
15. Rad1 Qc7 16. Ne5 a5 17. f4 Bxe5 18. fxe5 Qe7 19. Rd3 c5 20. Rg3 Kh8 21. Qh5
Rf8 22. Rf6 1-0

[Event "I Festival Golfo di Policastro A"]
[Site "San Nicola Arcella ITA"]
[Date "2007.09.22"]
[Round "8"]
[White "Meijers, Viesturs"]
[Black "Vuelban, Virgilio"]
[Result "1/2-1/2"]
[WhiteElo "2483"]
[BlackElo "2332"]
[PlyCount "44"]
[EventDate "2007.09.16"]

1. e4 c5 2. Nf3 d6 3. d4 cxd4 4. Nxd4 Nf6 5. Nc3 Nc6 6. Bg5 e6 7. Qd2 a6 8. Be2
Be7 9. Rd1 Bd7 10. Nf3 b5 11. a3 Qc7 12. O-O Rd8 13. Bxf6 gxf6 14. Qh6 Ne5 15.
Nxe5 dxe5 16. Qg7 Rf8 17. Rd3 Bc6 18. Qxh7 Bc5 19. Qh6 Rxd3 20. Bxd3 Ke7 21.
Ne2 Qb8 22. Ng3 22... Rh8 {...} 1/2-1/2

[Event "I Festival Golfo di Policastro A"]
[Site "San Nicola Arcella ITA"]
[Date "2007.09.22"]
[Round "8"]
[White "Pedersen, Nicolai Vesterbaek"]
[Black "Naumkin, Igor"]
[Result "0-1"]
[WhiteElo "2440"]
[BlackElo "2490"]
[PlyCount "116"]
[EventDate "2007.09.16"]

1. d4 e6 2. c4 f5 3. g3 Nf6 4. Bg2 Be7 5. Nf3 O-O 6. O-O d6 7. Nc3 a5 8. b3 Qe8
9. Bb2 Qh5 10. e3 Qh6 11. Re1 Nc6 12. e4 e5 13. exf5 Bxf5 14. Nd5 Nxd5 15. cxd5
Nb4 16. dxe5 Nc2 17. e6 Nxe1 18. Qxe1 Bh3 19. Qe4 Bf6 20. Bxf6 Qxf6 21. Re1
Bxg2 22. Kxg2 Rae8 23. Re2 c6 24. Nd4 Rc8 25. e7 Rfe8 26. dxc6 bxc6 27. Nxc6
Qf7 28. Nd8 Rcxd8 29. exd8=Q Rxd8 30. Rd2 d5 31. Qe5 h6 32. Rd4 Qd7 33. h4 Qf7
34. g4 Kh8 35. Rf4 Qd7 36. Qd4 Qe7 37. h5 Qd7 38. Rf5 Qe6 39. a3 Qd7 40. b4
axb4 41. axb4 Kg8 42. Re5 Kh8 43. g5 hxg5 44. Rxg5 Qe7 45. Rg4 Kh7 46. b5 Rd6
47. Qd3+ Kh8 48. Qe3 Qf7 49. Qg3 Rh6 50. Rg5 Rf6 51. Rg6 Rf5 52. b6 d4 53. f3
Rxh5 54. Rg4 Qa2+ 55. Kg1 Qb1+ 56. Kf2 Qb2+ 57. Kg1 Qxb6 58. Rxg7 d3+ 0-1

[Event "I Festival Golfo di Policastro A"]
[Site "San Nicola Arcella ITA"]
[Date "2007.09.22"]
[Round "8"]
[White "Rahimov, Rahmatjon"]
[Black "Luch, Michal"]
[Result "1/2-1/2"]
[WhiteElo "2120"]
[BlackElo "2362"]
[PlyCount "44"]
[EventDate "2007.09.16"]

1. e4 c5 2. Nf3 Qc7 3. Nc3 e6 4. d4 cxd4 5. Nxd4 a6 6. Be2 b5 7. O-O Bb7 8. Bf3
Nc6 9. Nxc6 dxc6 10. Bg5 Bd6 11. g3 h6 12. Be3 Nf6 13. Qe2 e5 14. Bg2 O-O 15.
f3 Qe7 16. Qf2 c5 17. Rad1 c4 18. Bh3 Rfd8 19. Rd2 Bb4 20. Rfd1 Rxd2 21. Qxd2
Ba5 22. Qd6 Qxd6 1/2-1/2

[Event "I Festival Golfo di Policastro A"]
[Site "San Nicola Arcella ITA"]
[Date "2007.09.22"]
[Round "8"]
[White "Rotstein, Arkadij"]
[Black "Damia, Angelo"]
[Result "1-0"]
[WhiteElo "2515"]
[BlackElo "2263"]
[PlyCount "63"]
[EventDate "2007.09.16"]

1. Nf3 d5 2. b3 Nf6 3. Bb2 e6 4. e3 Nbd7 5. d4 Bd6 6. Bd3 c6 7. Nbd2 Qe7 8. O-O
O-O 9. Ne5 Bc7 10. f4 Nxe5 11. fxe5 Nd7 12. Qh5 f5 13. exf6 Nxf6 14. Qh4 Rf7
15. Nf3 Ne4 16. Qxe7 Rxe7 17. Bxe4 dxe4 18. Ng5 h6 19. Ba3 Re8 20. Nxe4 e5 21.
Rae1 exd4 22. exd4 Bg4 23. Bd6 Bxd6 24. Nxd6 Rxe1 25. Rxe1 Rd8 26. Re8+ Rxe8
27. Nxe8 Kf7 28. Nd6+ Ke6 29. Nxb7 Kd5 30. c3 Ke4 31. Na5 Bd7 32. Nc4 1-0

[Event "I Festival Golfo di Policastro A"]
[Site "San Nicola Arcella ITA"]
[Date "2007.09.22"]
[Round "8"]
[White "Tondo, Salvatore"]
[Black "Bruno, Franco"]
[Result "1-0"]
[WhiteElo "1915"]
[BlackElo "1849"]
[PlyCount "75"]
[EventDate "2007.09.16"]

1. e4 c6 2. d4 d5 3. exd5 cxd5 4. Bd3 Nc6 5. c3 Qc7 6. Ne2 Bg4 7. f3 Bd7 8. Na3
a6 9. Nc2 e6 10. Bf4 Bd6 11. Bxd6 Qxd6 12. O-O Nge7 13. Qd2 Ng6 14. Rae1 Rc8
15. f4 Nce7 16. Ng3 f5 17. Re2 Kf7 18. Nh5 Nh4 19. Qe1 Nhg6 20. Qg3 Ng8 21. Qf2
Nf6 22. Nxf6 gxf6 23. Ne3 b5 24. a4 h5 25. axb5 axb5 26. Nc2 h4 27. Nb4 Rcg8
28. Kh1 Ne7 29. Ree1 Rg4 30. Be2 Rgg8 31. Ra1 Nc8 32. Ra6 Qf8 33. Nd3 Nd6 34.
Nc5 Bc8 35. Ra7+ Kg6 36. Bd3 Qh6 37. Qe2 Re8 38. Qg4+ 1-0

[Event "I Festival Golfo di Policastro A"]
[Site "San Nicola Arcella ITA"]
[Date "2007.09.22"]
[Round "8"]
[White "Villar Nieves, Antonio"]
[Black "Bentivegna, Francesco"]
[Result "1/2-1/2"]
[WhiteElo "2175"]
[BlackElo "2277"]
[PlyCount "61"]
[EventDate "2007.09.16"]

1. d4 Nf6 2. Bg5 d5 3. Bxf6 exf6 4. e3 Bd6 5. g3 h5 6. h4 c6 7. Nd2 f5 8. Ne2
Nd7 9. c4 dxc4 10. Nxc4 Bc7 11. Qc2 Nf6 12. Nd2 O-O 13. Bg2 Re8 14. O-O Qe7 15.
Nf4 g6 16. Rac1 Ne4 17. Nxe4 fxe4 18. Nd5 cxd5 19. Qxc7 Be6 20. Rc3 Rac8 21.
Qxe7 Rxe7 22. Rxc8+ Bxc8 23. Rc1 Be6 24. f3 exf3 25. Bxf3 Kf8 26. Kf2 Ke8 27.
Rc5 b6 28. Rc3 Kd7 29. Be2 Kd6 30. Bd3 Bd7 31. Rc1 1/2-1/2

[Event "I Festival Golfo di Policastro A"]
[Site "San Nicola Arcella ITA"]
[Date "2007.09.23"]
[Round "9"]
[White "Abatino, Maurizio"]
[Black "Caporale, Giuseppe Guido"]
[Result "1/2-1/2"]
[WhiteElo "2179"]
[BlackElo "1850"]
[PlyCount "83"]
[EventDate "2007.09.16"]

1. d4 Nf6 2. c4 c5 3. e3 e6 4. Nf3 Na6 5. Nc3 b6 6. Be2 Bb7 7. O-O Be7 8. b3
Nc7 9. Bb2 cxd4 10. exd4 d5 11. Rc1 O-O 12. Ne5 Rc8 13. f4 dxc4 14. bxc4 Nce8
15. f5 exf5 16. Rxf5 Nd6 17. Rf1 Nfe4 18. Nxe4 Nxe4 19. Qd3 f6 20. Nf3 Bd6 21.
Ba3 Re8 22. Bxd6 Qxd6 23. Nd2 Rcd8 24. Nf3 Bc8 25. Rcd1 Bg4 26. Rfe1 g5 27. Qb3
Kg7 28. Qc2 Bf5 29. Bd3 Qf4 30. d5 Bg6 31. Qc1 Qd6 32. Bxe4 Bxe4 33. Nd4 Kg6
34. Ne6 Rxe6 35. dxe6 Qc5+ 36. Kh1 Rxd1 37. Qxd1 Qe5 38. Qd7 Bxg2+ 39. Kxg2
Qxe1 40. e7 Qe2+ 41. Kg1 Qe1+ 42. Kg2 1/2-1/2

[Event "I Festival Golfo di Policastro A"]
[Site "San Nicola Arcella ITA"]
[Date "2007.09.23"]
[Round "9"]
[White "Bentivegna, Francesco"]
[Black "Bellia, Fabrizio"]
[Result "0-1"]
[WhiteElo "2277"]
[BlackElo "2405"]
[PlyCount "80"]
[EventDate "2007.09.16"]

1. e4 e5 2. Nf3 Nc6 3. d4 exd4 4. Bc4 Nf6 5. e5 Ne4 6. Qe2 Nc5 7. O-O Be7 8.
Rd1 O-O 9. Nxd4 d6 10. exd6 cxd6 11. Be3 Ne5 12. Bd5 Na4 13. c4 Ng4 14. Bf4 Bf6
15. Nc3 Nxc3 16. bxc3 Re8 17. Qd2 Be5 18. Nb5 a6 19. Nxd6 Qxd6 20. Bxf7+ Kxf7
21. Qxd6 Bxd6 22. Rxd6 Be6 23. f3 Nf6 24. Rb6 Bxc4 25. Rxb7+ Re7 26. Rxe7+ Kxe7
27. a4 a5 28. Rb1 Nd7 29. Rb7 Bd5 30. Rc7 Bb3 31. c4 Bxa4 32. c5 Ra6 33. Bg5+
Ke6 34. Bd2 Kd5 35. h4 Ra8 36. Bc3 g6 37. g4 Bc6 38. f4 Kxc5 39. f5 gxf5 40.
gxf5 Kd6 0-1

[Event "I Festival Golfo di Policastro A"]
[Site "San Nicola Arcella ITA"]
[Date "2007.09.23"]
[Round "9"]
[White "Blasco, Domenico"]
[Black "Pedersen, Nicolai Vesterbaek"]
[Result "0-1"]
[WhiteElo "1981"]
[BlackElo "2440"]
[PlyCount "84"]
[EventDate "2007.09.16"]

1. d4 Nf6 2. Nf3 d5 3. e3 c5 4. c3 cxd4 5. exd4 Qc7 6. Bd3 Bg4 7. h3 Bh5 8. g4
Bg6 9. Ne5 Bxd3 10. Qxd3 e6 11. Bf4 Bd6 12. Na3 a6 13. c4 Nc6 14. Qe3 O-O 15.
O-O dxc4 16. Bg3 Nd5 17. Qe4 b5 18. f4 Nxd4 19. Rac1 Nc6 20. Naxc4 bxc4 21.
Rxc4 Bxe5 22. fxe5 Rfc8 23. Rfc1 Qb7 24. Bf2 Nce7 25. Bc5 Rc7 26. b4 Rac8 27.
h4 a5 28. a3 axb4 29. axb4 Nb6 30. Qxb7 Rxb7 31. Rf4 Ned5 32. Rff1 Na4 33. Bd6
Rxc1 34. Rxc1 Nac3 35. Ra1 h6 36. g5 hxg5 37. hxg5 Kh7 38. Ra3 Kg6 39. Bf8 Kxg5
40. Bxg7 Rb8 41. Kf2 Kg6 42. Bf6 Ne4+ 0-1

[Event "I Festival Golfo di Policastro A"]
[Site "San Nicola Arcella ITA"]
[Date "2007.09.23"]
[Round "9"]
[White "Epishin, Vladimir V."]
[Black "Bagaturov, Giorgi"]
[Result "1/2-1/2"]
[WhiteElo "2587"]
[BlackElo "2474"]
[PlyCount "42"]
[EventDate "2007.09.16"]

1. d4 Nf6 2. c4 e6 3. Nf3 b6 4. g3 Ba6 5. b3 Bb4+ 6. Bd2 Be7 7. Nc3 O-O 8. e4
d5 9. cxd5 Bxf1 10. Kxf1 exd5 11. e5 Ne4 12. Kg2 Qd7 13. Rc1 Nc6 14. Qe2 Nxd2
15. Qxd2 Nd8 16. Ng1 f6 17. exf6 Bxf6 18. f4 Ne6 19. Nce2 c5 20. Nf3 cxd4 21.
Rhe1 Rae8 1/2-1/2

[Event "I Festival Golfo di Policastro A"]
[Site "San Nicola Arcella ITA"]
[Date "2007.09.23"]
[Round "9"]
[White "Lombardi, Mariano"]
[Black "Tondo, Salvatore"]
[Result "1-0"]
[WhiteElo "1877"]
[BlackElo "1915"]
[PlyCount "29"]
[EventDate "2007.09.16"]

1. Nf3 Nf6 2. c4 e6 3. b3 d5 4. Bb2 Bd6 5. g3 Nbd7 6. Bg2 O-O 7. d3 c6 8. Nbd2
e5 9. Qc2 Re8 10. O-O d4 11. a3 a5 12. Ng5 Nh5 13. Nde4 Bf8 14. c5 f5 15. Qc4+
1-0

[Event "I Festival Golfo di Policastro A"]
[Site "San Nicola Arcella ITA"]
[Date "2007.09.23"]
[Round "9"]
[White "Luch, Michal"]
[Black "Meijers, Viesturs"]
[Result "0-1"]
[WhiteElo "2362"]
[BlackElo "2483"]
[PlyCount "106"]
[EventDate "2007.09.16"]

1. Nf3 b6 2. g3 Bb7 3. Bg2 e6 4. c4 f5 5. O-O Nf6 6. Nc3 Bb4 7. Qc2 O-O 8. a3
Bxc3 9. Qxc3 Qe8 10. Nd4 Bxg2 11. Kxg2 d6 12. Qe3 Kf7 13. Qf3 Nbd7 14. Qc6 Qc8
15. f4 a6 16. b4 Ra7 17. d3 Nb8 18. Qa4 c5 19. Nf3 Rc7 20. Bb2 Nbd7 21. Rae1
Kg8 22. bxc5 Nxc5 23. Qc2 Qb7 24. Bxf6 Rxf6 25. d4 Ne4 26. Rb1 Rc8 27. Qd3 Rff8
28. Rb4 Rb8 29. Rfb1 Qc6 30. d5 exd5 31. Qxd5+ Qxd5 32. cxd5 b5 33. Nd4 g6 34.
g4 Nc3 35. Rc1 fxg4 36. Ne6 Rfc8 37. e4 h6 38. h3 gxh3+ 39. Kxh3 Kf7 40. Re1 a5
41. Rb3 Rc4 42. e5 Ke7 43. Rg1 g5 44. exd6+ Kxd6 45. fxg5 Nxd5 46. Ng7 Nf4+ 47.
Kh2 Rc2+ 48. Kh1 hxg5 49. Rxg5 Rh8+ 50. Kg1 Nh3+ 51. Rxh3 Rxh3 52. Nf5+ Kd7 53.
Nd4 Ra2 0-1

[Event "I Festival Golfo di Policastro A"]
[Site "San Nicola Arcella ITA"]
[Date "2007.09.23"]
[Round "9"]
[White "Naumkin, Igor"]
[Black "Drasko, Milan"]
[Result "0-1"]
[WhiteElo "2490"]
[BlackElo "2552"]
[PlyCount "62"]
[EventDate "2007.09.16"]

1. d4 Nf6 2. c4 e6 3. Nf3 Bb4+ 4. Bd2 Qe7 5. g3 Nc6 6. Bg2 Bxd2+ 7. Nbxd2 d6 8.
O-O a5 9. e4 e5 10. d5 Nb8 11. Ne1 O-O 12. Nd3 Na6 13. f4 c6 14. f5 cxd5 15.
cxd5 Bd7 16. Nc4 Bb5 17. Rc1 Rfc8 18. Qb3 Bxc4 19. Rxc4 Rxc4 20. Qxc4 Nc5 21.
Nxc5 Rc8 22. b4 axb4 23. Qxb4 dxc5 24. Qd2 Ne8 25. f6 Nxf6 26. d6 Qd7 27. Rd1
Rc6 28. Qb2 Rxd6 29. Rxd6 Qxd6 30. Qxb7 Qd4+ 31. Kf1 Qa1+ 0-1

[Event "I Festival Golfo di Policastro A"]
[Site "San Nicola Arcella ITA"]
[Date "2007.09.23"]
[Round "9"]
[White "Okhotnik, Vladimir"]
[Black "Villar Nieves, Antonio"]
[Result "1-0"]
[WhiteElo "2468"]
[BlackElo "2175"]
[PlyCount "127"]
[EventDate "2007.09.16"]

1. d4 f5 2. Bg5 g6 3. Nc3 Bg7 4. Qd2 h6 5. Bf4 d6 6. f3 Nc6 7. d5 Ne5 8. e4 c6
9. h4 Qa5 10. Nh3 Qb4 11. O-O-O Nc4 12. Bxc4 Qxc4 13. e5 dxe5 14. dxc6 Qxc6 15.
Bh2 Be6 16. Rhe1 Qc5 17. Qe3 Qxe3+ 18. Rxe3 Rd8 19. Rxd8+ Kxd8 20. Bxe5 Bxe5
21. Rxe5 Bf7 22. h5 g5 23. Rxf5 Nf6 24. g4 Be6 25. Ra5 a6 26. Kd2 Nxh5 27. Nxg5
hxg5 28. gxh5 Rxh5 29. Re5 Bf7 30. Ne4 Rh2+ 31. Kc3 Bg6 32. Rd5+ Kc7 33. Rxg5
Bxe4 34. fxe4 Rh3+ 35. Kd4 Rh2 36. Rc5+ Kd6 37. e5+ Kd7 38. Rc3 Re2 39. a4 Kd8
40. a5 Kd7 41. Rb3 Kc6 42. c3 Rd2+ 43. Ke4 Rd7 44. Rb6+ Kc7 45. Kf5 Rd5 46. b4
Rd3 47. c4 Rh3 48. Ke6 Rh7 49. c5 Rg7 50. c6 bxc6 51. Rxa6 Kb7 52. b5 cxb5 53.
Rb6+ Kc7 54. Rxb5 Rh7 55. Rb1 Kd8 56. Rb8+ Kc7 57. Ra8 Kb7 58. Rd8 Kc7 59. Rd1
Rg7 60. a6 Rg6+ 61. Kxe7 Rxa6 62. Rc1+ Kb7 63. e6 Ra8 64. Kf7 1-0

[Event "I Festival Golfo di Policastro A"]
[Site "San Nicola Arcella ITA"]
[Date "2007.09.23"]
[Round "9"]
[White "Rotstein, Arkadij"]
[Black "Buhmann, Rainer"]
[Result "1/2-1/2"]
[WhiteElo "2515"]
[BlackElo "2583"]
[PlyCount "21"]
[EventDate "2007.09.16"]

1. d4 d5 2. c4 c6 3. Nf3 Nf6 4. cxd5 cxd5 5. Nc3 Nc6 6. Bf4 a6 7. e3 Bg4 8. Be2
e6 9. O-O Bd6 10. Bxd6 Qxd6 11. Rc1 1/2-1/2

[Event "I Festival Golfo di Policastro A"]
[Site "San Nicola Arcella ITA"]
[Date "2007.09.23"]
[Round "9"]
[White "Valenti, Giuseppe"]
[Black "Gad, Ahmad"]
[Result "1-0"]
[WhiteElo "2221"]
[BlackElo "1796"]
[PlyCount "73"]
[EventDate "2007.09.16"]

1. e4 c5 2. Nf3 e6 3. d4 cxd4 4. Nxd4 Nf6 5. Nc3 d6 6. g4 Nc6 7. g5 Nd7 8. Be3
Be7 9. h4 a6 10. Qd2 O-O 11. O-O-O Nxd4 12. Bxd4 b5 13. f4 Bb7 14. Bd3 b4 15.
Ne2 Nc5 16. Ng3 d5 17. e5 Nxd3+ 18. Qxd3 g6 19. h5 Kg7 20. hxg6 hxg6 21. Nh5+
gxh5 22. Rxh5 Rh8 23. Rdh1 Rxh5 24. Rxh5 Qg8 25. f5 Kf8 26. f6 Ke8 27. fxe7
Kxe7 28. g6 fxg6 29. Rg5 Rc8 30. Rxg6 Qf7 31. Rf6 Qh5 32. b3 Qh1+ 33. Rf1 Qe4
34. Qd2 a5 35. Qg5+ Kd7 36. Rf7+ Kc6 37. Qe7 1-0

[Event "I Festival Golfo di Policastro A"]
[Site "San Nicola Arcella ITA"]
[Date "2007.09.23"]
[Round "9"]
[White "Vuelban, Virgilio"]
[Black "Rahimov, Rahmatjon"]
[Result "1/2-1/2"]
[WhiteElo "2332"]
[BlackElo "2120"]
[PlyCount "133"]
[EventDate "2007.09.16"]

1. d4 d5 2. Nf3 Nf6 3. c4 c6 4. e3 e6 5. Nc3 Nbd7 6. Qc2 Bd6 7. Be2 O-O 8. O-O
dxc4 9. Bxc4 b5 10. Be2 Bb7 11. e4 e5 12. dxe5 Nxe5 13. Bg5 Nxf3+ 14. Bxf3 Qe7
15. g3 h6 16. Be3 Rfe8 17. Rad1 Be5 18. Rfe1 Bxc3 19. Qxc3 Nxe4 20. Bxe4 Qxe4
21. Bxh6 Qg6 22. Rd7 Ba6 23. Bf4 Qf5 24. Red1 b4 25. Qxc6 Be2 26. Qd5 Qxd5 27.
R1xd5 Bf3 28. Re5 Rxe5 29. Bxe5 Re8 30. Rd3 Be4 31. Re3 Bb1 32. Bd6 Rxe3 33.
fxe3 Bxa2 34. Bxb4 g6 35. e4 Bb1 36. e5 a6 37. Kf2 Kg7 38. Ke3 Bc2 39. Kd4 Bb3
40. Be7 Bd1 41. Ke3 Bc2 42. Kf4 Bf5 43. b4 Bc2 44. Kg5 Bb1 45. h4 Bc2 46. g4
Bb1 47. h5 gxh5 48. gxh5 Ba2 49. h6+ Kh7 50. Bf8 Bb3 51. Kf6 Ba2 52. Ke7 Bb3
53. Kd6 Ba2 54. Bg7 Bb3 55. Kc6 Ba2 56. Kc5 Be6 57. Kb6 Bc4 58. Ka5 Be2 59. Ka4
Bb5+ 60. Kb3 Bf1 61. Kc3 Be2 62. Kd4 Bf1 63. Kd5 Be2 64. Bf8 Kg8 65. Be7 Kh7
66. Bg5 Kg6 67. Kd6 1/2-1/2

[Event "III Memorial Dario Ruzzier"]
[Site "Udine ITA"]
[Date "2007.09.22"]
[Round "1"]
[White "Bizzoco, Vito"]
[Black "Zarattini, Luciano"]
[Result "1-0"]
[WhiteElo "1769"]
[BlackElo "1458"]
[PlyCount "91"]
[EventDate "2007.09.22"]

1. d4 Nf6 2. c4 e6 3. Nc3 d5 4. cxd5 exd5 5. Bg5 c6 6. e3 Nbd7 7. Bd3 Be7 8.
Qc2 h6 9. Bh4 O-O 10. Nge2 c5 11. O-O c4 12. Bf5 Nb6 13. f3 Bxf5 14. Qxf5 Re8
15. e4 g6 16. Qh3 Kg7 17. e5 Nh7 18. Bxe7 Qxe7 19. f4 Qf8 20. Qg3 Kh8 21. a3
Qg7 22. Nb5 Re7 23. Nd6 f5 24. Nc3 Nf8 25. Qf3 Qg8 26. Kh1 Qe6 27. Rg1 h5 28.
a4 a5 29. g3 Rd8 30. Rg2 Rdd7 31. h3 Rh7 32. Rag1 Rh6 33. Rh2 Rdh7 34. h4 Rd7
35. Rb1 Rhh7 36. b4 cxb3 37. Rxb3 Nc4 38. Ncb5 Nxd6 39. Nxd6 Rc7 40. Rc3 Rhd7
41. Rhc2 Rxc3 42. Qxc3 Kg7 43. Qxa5 Qe7 44. Qxd5 Rc7 45. Rxc7 Qxc7 46. Ne8+ 1-0

[Event "III Memorial Dario Ruzzier"]
[Site "Udine ITA"]
[Date "2007.09.22"]
[Round "1"]
[White "Gentile, Bruno"]
[Black "Stefanutti, Piero"]
[Result "0-1"]
[WhiteElo "1449"]
[BlackElo "1371"]
[PlyCount "38"]
[EventDate "2007.09.22"]

1. d4 Nf6 2. c4 g6 3. Nc3 Bg7 4. Nf3 O-O 5. e3 d6 6. Be2 c5 7. O-O Na6 8. a3
Rb8 9. d5 e6 10. e4 exd5 11. exd5 Nc7 12. Bg5 Bg4 13. Qd2 Re8 14. Rfe1 Qd7 15.
b4 b6 16. Nd1 Ne4 17. Qa2 Bxf3 18. gxf3 Nxg5 19. f4 Nh3+ 0-1

[Event "III Memorial Dario Ruzzier"]
[Site "Udine ITA"]
[Date "2007.09.22"]
[Round "1"]
[White "Orsatti, Marcello"]
[Black "Rozmann, Glauco"]
[Result "1-0"]
[WhiteElo "1857"]
[BlackElo "1476"]
[PlyCount "99"]
[EventDate "2007.09.22"]

1. c4 c5 2. Nc3 Nf6 3. g3 e6 4. Bg2 Be7 5. d3 O-O 6. e4 e5 7. Nge2 d6 8. O-O
Bd7 9. f4 Nc6 10. Nd5 Nxd5 11. exd5 Nd4 12. Nxd4 exd4 13. f5 g6 14. Bh6 Re8 15.
fxg6 fxg6 16. Qf3 Kh8 17. Qf7 Rg8 18. Rae1 Bg5 19. Bxg5 Qxg5 20. Qxd7 Raf8 21.
Rxf8 Rxf8 22. Qe7 Qh6 23. Qxd6 Kg8 24. Qe6+ Kg7 25. d6 Qd2 26. Qe5+ Kh6 27. Qe7
Rf2 28. Qh4+ Kg7 29. Re7+ Kf8 30. Qh3 Rf5 31. Bf1 Qf2+ 32. Kh1 Qxf1+ 33. Qxf1
Rxf1+ 34. Kg2 Rf6 35. Rxb7 Rxd6 36. Rxh7 a6 37. Rc7 Re6 38. Kf3 Re3+ 39. Kf4
Rxd3 40. Rxc5 Rd2 41. b4 Rxa2 42. h4 d3 43. Rd5 Rc2 44. Rd4 d2 45. c5 d1=Q 46.
Rxd1 Rc4+ 47. Kg5 Rxb4 48. Kxg6 Rg4+ 49. Kf6 Rxg3 50. Rd8# 1-0

[Event "III Memorial Dario Ruzzier"]
[Site "Udine ITA"]
[Date "2007.09.22"]
[Round "1"]
[White "Paiaro, Solivano"]
[Black "Sorgo, Roberto"]
[Result "0-1"]
[WhiteElo "1236"]
[BlackElo "1835"]
[PlyCount "44"]
[EventDate "2007.09.22"]

1. e4 d5 2. e5 c5 3. d4 cxd4 4. Qxd4 Nc6 5. Bb5 e6 6. Nf3 Nge7 7. Bg5 Qc7 8.
Nc3 a6 9. Bxc6+ Nxc6 10. Qe3 Bb4 11. O-O Bd7 12. a3 Bxc3 13. Qxc3 Rc8 14. Rac1
O-O 15. Qd3 Nxe5 16. Nxe5 Qxe5 17. Be7 Rfe8 18. Bb4 Bb5 19. Qg3 Qxg3 20. fxg3
Bxf1 21. Rxf1 Rxc2 22. Bc3 e5 0-1

[Event "III Memorial Dario Ruzzier"]
[Site "Udine ITA"]
[Date "2007.09.22"]
[Round "1"]
[White "Paravan, Luca"]
[Black "Santacroce, Fidel"]
[Result "0-1"]
[WhiteElo "1440"]
[BlackElo "1586"]
[PlyCount "76"]
[EventDate "2007.09.22"]

1. e4 c5 2. Nf3 e6 3. d4 cxd4 4. Nxd4 a6 5. Nc3 Qc7 6. Be3 Nc6 7. Qd2 Nf6 8. f3
b5 9. O-O-O Be7 10. Be2 Qa5 11. Nb3 Qc7 12. Bf4 e5 13. Be3 d6 14. Nd5 Nxd5 15.
exd5 Nd8 16. Bd3 Bb7 17. Be4 a5 18. Qe2 Ba6 19. Rd2 a4 20. Na1 Nb7 21. Qf2 Rc8
22. Bb6 Qc4 23. Bf5 Qxa2 24. c3 Qxa1+ 25. Kc2 Qxh1 26. Bxc8 Bg5 27. Rd1 Qxh2
28. Bc7 h5 29. Qa7 Qxg2+ 30. Kb1 Qxf3 31. Rg1 Qd3+ 32. Ka1 Be3 33. Qxa6 Bxg1
34. Qc6+ Kf8 35. Bxd6+ Nxd6 36. Qxd6+ Kg8 37. Qxe5 Qe3 38. Qb8 Kh7 0-1